Library Banner

Mindpower : (Record no. 136908)

MARC details
000 -LEADER
fixed length control field 00438nam a22001577a 4500
005 - DATE AND TIME OF LATEST TRANSACTION
control field 20250220115300.0
008 - FIXED-LENGTH DATA ELEMENTS--GENERAL INFORMATION
fixed length control field 250214b |||||||| |||| 00| 0 eng d
020 ## - INTERNATIONAL STANDARD BOOK NUMBER
International Standard Book Number 9971644606
040 ## - CATALOGING SOURCE
Transcribing agency PK-LaUMT
082 ## - DEWEY DECIMAL CLASSIFICATION NUMBER
Classification number 613
Item number COL-M
100 ## - MAIN ENTRY--PERSONAL NAME
Personal name Coleman, Vernon
245 ## - TITLE STATEMENT
Title Mindpower :
Remainder of title how to use your mind to heal your body /
Statement of responsibility, etc by Vernon Coleman
260 ## - PUBLICATION, DISTRIBUTION, ETC. (IMPRINT)
Place of publication, distribution, etc Singapore :
Name of publisher, distributor, etc Heinemann Asia,
Date of publication, distribution, etc 1995
300 ## - PHYSICAL DESCRIPTION
Extent 247 p.
942 ## - ADDED ENTRY ELEMENTS (KOHA)
Koha item type Books
Holdings
Withdrawn status Lost status Damaged status Home library Current library Date acquired Full call number Barcode Date last seen Price effective from Koha item type
      UMT Main Campus UMT Main Campus 2025-02-14 613 COL-M 148785 2025-02-14 2025-02-14 Books